000 01258nam a2200325Ia 4500
001 ebr10685127
003 CaPaEBR
006 m u
007 cr cn|||||||||
008 120529s2013 nyu sb s001 0 eng d
010 _z 2012017559
020 _z1438446217 (hardcover : alk. paper)
020 _z9781438446219 (hardcover : alk. paper)
020 _z9781438446233
040 _aCaPaEBR
_cCaPaEBR
035 _a(OCoLC)840569835
050 1 4 _aHV8593
_b.S74 2013eb
082 0 4 _a172/.2
_223
100 1 _aSteinhoff, Uwe.
245 1 0 _aOn the ethics of torture
_h[electronic resource] /
_cUwe Steinhoff.
260 _aAlbany :
_bState Universtiy of New York Press,
_cc2013.
300 _axi, 191 p.
504 _aIncludes bibliographical references and index.
533 _aElectronic reproduction.
_bPalo Alto, Calif. :
_cebrary,
_d2013.
_nAvailable via World Wide Web.
_nAccess may be limited to ebrary affiliated libraries.
650 0 _aTorture
_xMoral and ethical aspects.
650 0 _aPunishment
_xMoral and ethical aspects.
655 7 _aElectronic books.
_2local
710 2 _aebrary, Inc.
856 4 0 _uhttp://site.ebrary.com/lib/rucke/Doc?id=10685127
_zAn electronic book accessible through the World Wide Web; click to view
999 _c30422
_d30422